• 首页
  • 本馆介绍
  • 公告通知
  • 最新文献
  • 馆藏检索
  • 电子资源
  • 读者导购
  • 参考咨询
  • 我的图书馆
  • 登录
  • 详细信息显示
  • 放入我的书架
  • 预约/预借图书
  • 作者相关作品
  • 分类相关作品
  • 丛书相关作品
  • 出版社相关作品

书目信息

  • 表格格式
  • 工作单格式
  • 卡片格式
题名:
有限体积法和非结构动网格
    
 
作者: 刘君 , 徐春光 , 白晓征 著
分册:  
出版信息: 北京   科学出版社  2016.6
页数: 237页
开本: 24cm
丛书名:
单 册:
中图分类: O35 , TK124
科图分类:
主题词: 计算流体力学 , 传热计算 , 非定常流动--网格--计算方法
电子资源:
ISBN: 978-7-03-048396-6
000 01021nam0 2200313 450
001 0400001162
005 20171015075720.0
010    @a978-7-03-048396-6@dCNY110.00
100    @a20160826d2016 em y0chiy50 ea
101 0  @achi
102    @aCN@b110000
105    @aa z 000yy
106    @ar
200 1  @a有限体积法和非结构动网格@9you xian ti ji fa he fei jie gou dong wang ge@f刘君, 徐春光, 白晓征著
210    @a北京@c科学出版社@d2016.6
215    @a237页@c图@d24cm
300    @a中国科学院科学出版基金资助出版
320    @a有书目
330    @a本书首先分析有限体积法与有限差分法差异,对有限体积法相关的理论系统整理,然后介绍了非结构动网格技术,最后是以上两种方法相结合出现新的理论问题。
606 0  @a计算流体力学
606 0  @a传热计算
606 0  @a非定常流动@x网格@x计算方法
690    @aO35@v5
690    @aTK124@v5
701  0 @a刘君@9liu jun@4著
701  0 @a徐春光@9xu chun guang@4著
701  0 @a白晓征@9bai xiao zheng@4著
801  0 @aCN@b91MARC@c20171015
905    @b1020201-5@dO35@f5@e67
    
    有限体积法和非结构动网格/刘君, 徐春光, 白晓征著.-北京:科学出版社,2016.6
    237页:图;24cm
    中国科学院科学出版基金资助出版
    
    ISBN 978-7-03-048396-6:CNY110.00
    本书首先分析有限体积法与有限差分法差异,对有限体积法相关的理论系统整理,然后介绍了非结构动网格技术,最后是以上两种方法相结合出现新的理论问题。
●
相关链接 在E读中查询图书 在五车中查询图书 在当当中查询图书 在豆瓣中查询图书


正题名:有限体积法和非结构动网格     索取号:O35/67         预约/预借

序号 登录号 条形码 馆藏地/架位号 状态 备注
1 1020201   210202010   第二样本阅览室/ [索取号:O35/67] 在馆    
2 1020202   210202029   第三借阅区/ [索取号:O35/67] 在馆    
3 1020203   210202038   第三借阅区/ [索取号:O35/67] 在馆    
4 1020204   210202047   数信系资料室/ [索取号:O35/67] 在馆    
5 1020205   210202056   第三借阅区/ [索取号:O35/67] 在馆    
唐山师范学院图书馆 欢迎您!
大连网信软件有限公司© 版权所有